| Tag |
First Indicator |
Second Indicator |
Subfields |
| LEADER |
00000cam a2200000 a 4500 |
| 001 |
in00002393313 |
| 005 |
20160225125203.0 |
| 008 |
020627s2002 enk b 001 0 eng |
| 010 |
|
|
|a 2002073804
|
| 015 |
|
|
|a GBA2-W6177
|
| 019 |
|
|
|a 50149689
|
| 020 |
|
|
|a 0521662079 (hardback)
|
| 020 |
|
|
|a 9780521662079 (hardback)
|
| 029 |
1 |
|
|a UKM
|b bA2W6177
|
| 029 |
1 |
|
|a NLGGC
|b 242400523
|
| 029 |
1 |
|
|a YDXCP
|b 100314869
|
| 029 |
1 |
|
|a NZ1
|b 7045781
|
| 029 |
1 |
|
|a AU@
|b 000023755382
|
| 029 |
1 |
|
|a AU@
|b 000023769001
|
| 035 |
|
|
|a (OCoLC)ocm50054375
|
| 035 |
|
|
|a (OCoLC)50054375
|z (OCoLC)50149689
|
| 040 |
|
|
|a DLC
|c DLC
|d UKM
|d PL#
|d SYB
|d BAKER
|d NLGGC
|d BTCTA
|d LVB
|d YDXCP
|d UtOrBLW
|
| 042 |
|
|
|a pcc
|
| 043 |
|
|
|a e------
|
| 049 |
|
|
|a TXAM
|
| 050 |
0 |
0 |
|a PN5110
|b .P69 2002
|
| 082 |
0 |
0 |
|a 070.4/493209/09409033
|2 21
|
| 084 |
|
|
|a 05.33
|2 bcl
|
| 084 |
|
|
|a 15.70
|2 bcl
|
| 084 |
|
|
|a 15.85
|2 bcl
|
| 245 |
0 |
0 |
|a Press, politics and the public sphere in Europe and North America, 1760-1820 /
|c edited by Hannah Barker and Simon Burrows.
|
| 264 |
|
1 |
|a Cambridge ;
|a New York :
|b Cambridge University Press,
|c 2002.
|
| 300 |
|
|
|a ix, 263 pages ;
|c 24 cm.
|
| 336 |
|
|
|a text
|b txt
|2 rdacontent
|
| 337 |
|
|
|a unmediated
|b n
|2 rdamedia
|
| 338 |
|
|
|a volume
|b nc
|2 rdacarrier
|
| 504 |
|
|
|a Includes bibliographical references and index.
|
| 505 |
0 |
0 |
|t Introduction /
|r Hannah Barker, Simon Burrows --
|t Cosmopolitan press, 1760-1815 /
|r Simon Burrows --
|t Netherlands, 1750-1815 /
|r Nicolaas Van Sas --
|t Germany, 1760-1815 /
|t Eckhart Hellmuth, Wolfgang Piereth --
|t England, 1760-1815 /
|r Hannah Barker --
|t Ireland, 1760-1820 /
|r Douglas Simes --
|t America, 1750-1820 /
|r David Copeland --
|t France, 1750-89 /
|r Jack Censer --
|t French revolutionary press /
|r Hugh Gough --
|t Italy, 1760-1815 /
|r Maurizio Isabella --
|t Russia, 1790-1830 /
|r Miranda Beaven Remnek.
|
| 650 |
|
0 |
|a Press and politics
|z Europe
|x History
|y 18th century.
|
| 650 |
|
0 |
|a Press and politics
|z Europe
|x History
|y 19th century.
|
| 651 |
|
0 |
|a Europe
|x Politics and government
|y 18th century.
|
| 651 |
|
0 |
|a Europe
|x Politics and government
|y 19th century.
|
| 653 |
|
|
|a Prensa y política
|a Europa
|a Historia
|a Siglo XVIII.
|
| 653 |
|
|
|a Prensa y política
|a Europa
|a Historia
|a Siglo XVII.
|
| 653 |
|
|
|a Europa
|a Política y gobierno
|a Siglo XVIII.
|
| 653 |
|
|
|a Europa
|a Política y gobierno
|a Siglo XVII.
|
| 650 |
1 |
7 |
|a Nieuwsbladen.
|2 gtt
|
| 650 |
1 |
7 |
|a Publieke opinie.
|2 gtt
|
| 650 |
1 |
7 |
|a Politieke participatie.
|2 gtt
|
| 650 |
|
6 |
|a Presse et politique
|z Europe
|x Histoire
|y 18e siècle.
|
| 650 |
|
6 |
|a Presse et politique
|z Europe
|x Histoire
|y 19e siècle.
|
| 651 |
|
6 |
|a Europe
|x Politique et gouvernement
|y 18e siècle.
|
| 651 |
|
6 |
|a Europe
|x Politique et gouvernement
|y 1789-1900.
|
| 700 |
1 |
|
|a Barker, Hannah,
|d 1967-
|
| 700 |
1 |
|
|a Burrows, Simon,
|d 1966-
|
| 948 |
|
|
|a cataloged
|b h
|c 2008/6/26
|d c
|e ceaton
|f 2:39:12 pm
|
| 994 |
|
|
|a C0
|b TXA
|
| 999 |
|
|
|a MARS
|
| 999 |
f |
f |
|s f42d9606-b7b7-3e69-9893-0df8f2cf50c8
|i 55054a4a-dd33-3992-95c5-672b23af9be0
|t 0
|
| 952 |
f |
f |
|p normal
|a Texas A&M University
|b College Station
|c Sterling C. Evans Library
|d Evans: Library Stacks
|t 0
|e PN5110 .P69 2002
|h Library of Congress classification
|i unmediated -- volume
|m A14837249975
|
| 998 |
f |
f |
|a PN5110 .P69 2002
|t 0
|l Evans: Library Stacks
|